|
|
|
|
| LEADER |
00000nam0a2200000 4500 |
| 001 |
39275 |
| 005 |
20231031011305.0 |
| 010 |
|
|
|a 588103063X
|
| 035 |
|
|
|a (RuTPU)RU\TPU\book\40114
|
| 090 |
|
|
|a 39275
|
| 100 |
|
|
|a 20020327d2002 m y0rusy50 ca
|
| 101 |
0 |
|
|a rus
|
| 102 |
|
|
|a RU
|
| 105 |
|
|
|a y j 000zy
|
| 200 |
1 |
|
|a Финансовый менеджмент
|e учебное пособие
|f Под ред. Е. И. Шохина
|
| 210 |
|
|
|a Москва
|c ФБК-Пресс
|d 2002
|
| 215 |
|
|
|a 408 с.
|
| 451 |
|
1 |
|0 (RuTPU)RU\TPU\book\163201
|y 978-5-85971-797-2
|t Финансовый менеджмент
|o учебник
|f под ред. Е. И. Шохина
|c М.
|n КноРус
|d 2008
|p 475 с.
|
| 610 |
1 |
|
|a экономика
|
| 610 |
1 |
|
|a финансы
|
| 610 |
1 |
|
|a финансовый менеджмент
|
| 610 |
1 |
|
|a предпринимательские риски
|
| 610 |
1 |
|
|a финансовая политика
|
| 610 |
1 |
|
|a инвестиционная стратегия
|
| 610 |
1 |
|
|a учебные пособия
|
| 686 |
|
|
|a У9(2)261.11я73
|v LBC/SL-A
|2 rubbk
|
| 702 |
|
1 |
|a Шохин
|b Е. И.
|4 340
|
| 801 |
|
1 |
|a RU
|b 63413507
|c 20020327
|g PSBO
|
| 801 |
|
2 |
|a RU
|b 63413507
|c 20120214
|g PSBO
|
| 942 |
|
|
|c BK
|